| 000 | 00535nam a2200121Ia 4500 | ||
|---|---|---|---|
| 008 | 171212s9999 xx 000 0 und d | ||
| 100 | _aGuzik, Keith | ||
| 245 |
_cGuzik, Keith _aMaking Things Stick _bSurveillance Technologies and Mexico's War on Crime |
||
| 260 |
_bUniversity of California Press _c2016 |
||
| 650 | _aCrime prevention -- Mexico; Social control -- Government policy -- Mexico; Electronic surveillance -- Mexico; Security systems -- Mexico | ||
| 650 | _aSociology | ||
| 856 | _uhttp://jstor.org/stable/10.1525/j.ctt1ffjn82 | ||
| 999 |
_c352975 _d352975 |
||